000 00835nam a22002537a 4500
003 DO-SdBNP
005 20260120073951.0
007 ta
008 210317e2020020 dr a 0er 0 eng 100dspa
020 _a9789945917765
040 _aDO-SdBNP
_bspa
_cBNPHU
082 4 _a248.4
_bA197e
_222
100 1 _a Adames, Julio,
_d1986-
_978154
245 1 0 _aEfecto Zarandeo /
_cJulio José Adames Castro ; prólogo: Alexis Angulo.
260 _aSanto Domingo :
_bEditora Luz De Luna,
_c2020.
300 _a116 p. :
_bil. ;
_c23 cm.
500 _aIncluye datos biográficos del autor en la contracubierta.
590 _aInventariado, 2021 /LP
650 0 _aVida cristiana
_9668
650 0 _aVida espiritual
_9268
700 1 _aAngulo, Alexis,
_epról.
_978155
910 _aLopérez. Validado. Control de calidad MFF
942 _2ddc
_cLBS1
999 _c49588
_d49588